000 00838cab a2200241 4500
001 ABS54211
008 090401t1995 xxu||||| |||| 00| 0 eng d
035 _a(Sirsi) u9040
041 _aeng
100 _aJones, G.
245 _aTown and country planning (costs of inquiries etc) Act 1995
260 _c1995
350 _a0
490 _aSolicitors` Journal
_v139(48) 15 December 1995 1263(1)
520 _aSummarises the background, dual purpose and retrospective effect of the Town and Country Planning (Costs of Inquiries etc) Act 1995.
650 _aDEVELOPMENT PLAN INQUIRIES
650 _aTOWN AND COUNTRY PLANNING (COSTS OF INQUIRIES ETC) ACT 1995
650 _aTOWN AND COUNTRY PLANNING ACT 1990 S303(A)
650 _aULTRA VIRES CHARGES
690 _aPLANNING LAW AND PRACTICE
942 _n0
948 _c04/03/1997
999 _c5602
_d5602